000 01078nam a2200325 i 4500
003 DO-SdBNP
005 20240626110055.0
007 ta
008 240626b1977 ag ||||| |||| 00| 0 spa d
040 _aDO-SdBNP
_bspa
_cBNPHU
_erda
082 4 _222
245 0 3 _aLa investigación social /
_cHymab, Lazarsfeld, Zeisel, Sorokin, Coser ; introducción, Margot Romano Yalour
264 _aBuenos Aires, Argentina :
_bCentro editor de América Latina,
_c1977.
300 _a143 páginas ;
_c19 cm.
336 _2rdacontent
_atexto
_btxt
337 _2rdamedia
_asin mediación
_bn
338 _0rdacarrier
_2volumen
_anc
490 _aBiblioteca Total
_v28
500 _aIncluye referencias bibliográficas y notas al pie de las páginas
504 _aBibliografía : páginas 139-142
590 _aInventariado, 2024/BT
700 1 _aHyman
_985834
700 1 _aLazarsfeld
_985835
700 1 _aZeiael
_985836
700 1 _aSorokin
_985837
700 1 _aCoser
_985838
700 1 _aRomano Yalourr, Margot,
_eintroducción
_985839
910 _aBtavárez
942 _2ddc
_cLBS1
999 _c57012
_d57012